Les chansons de Niro - Mort subite - Statistiques

Statistiques générales
  • Ce quiz a été pris 820 fois
  • Le résultat moyen est 5 sur 10
Answers on the Grid
Answers color-coded by a green-red scale on the quiz's grid according to % correct below.
Sors de ma tête
J'dois l'oublier
Sors de mon crâne
J'dois t'oublier
Printemps blanc
Automne blanc
Photo de classe
Photo de famille
Jamais de nous
Qui sait ?
Finir mal
Mal finir
En double appel
Ghettoyouth
Ghetto
Maux de tête
Un Poco
Elle m'a eu
 
Statistiques - réponses
Réponse % Correct
Printemps blanc
63%
Ghettoyouth
62%
Sors de ma tête
59%
En double appel
54%
Jamais de nous
52%
J'dois l'oublier
52%
Finir mal
49%
Maux de tête
49%
Qui sait ?
48%
Photo de classe
36%
Aucun quiz correspondant
Distribution des résultats
% des personnes avec chaque résultat
Percentile par nombre de réponses
Votre historique - résultats
Vous n’avez pas pris ce quiz